| 000 | 00435nam a2200181Ia 4500 | ||
|---|---|---|---|
| 001 | 15387 | ||
| 005 | 20260306170152.0 | ||
| 008 | 260306t1999||||xx |||||||||||||| ||und|| | ||
| 041 | _aESP | ||
| 082 |
_a537 _bV66 |
||
| 100 |
_aVillalobos Ordaz, Gustavo _eAUT |
||
| 245 | 0 | _aProblemas resueltos de física III | |
| 260 | _c1999 | ||
| 300 |
_a285 páginas : _c23 cm. |
||
| 650 | _aGEN | ||
| 654 | _aCCN | ||
| 942 |
_cLIB _dJUS _fJUS _2ddc _n |
||
| 999 |
_c15387 _d15387 |
||